Almost Useless TV Trivia II Quiz Stats

 Plays Quiz Updated Sep 27, 2015

Challenge
Share
Tweet
Embed
Score 0/24 Timer 05:00
3 Plays Today
% Correct
The Simpsons
95.4%
House, M.D.
94.2%
Seinfeld
92.3%
The Big Bang Theory
92%
South Park
91.4%
The Office (U.S.)
91.3%
Dexter
90.9%
30 Rock
90.3%
The Sopranos
89.6%
Downton Abbey
87.7%
Avatar: The Last Airbender
85.3%
Doctor Who
84.3%
% Correct
House of Cards
80.9%
I Love Lucy
79.2%
It's Always Sunny in Philadelphia
73.7%
The Colbert Report
73.7%
Veronica Mars
72.5%
Freaks and Geeks
72.1%
Three's Company
71.6%
The Wire
63.3%
Gilligan's Island
61%
Firefly
60.2%
The Twilight Zone
51.7%
The Jetsons
33.2%

You're not logged in!

Compare scores with friends on all Sporcle quizzes.
Join for Free
OR
Log In

You Might Also Like...

Show Comments

Extras

Top Quizzes Today


Score Distribution

Your Account Isn't Verified!

In order to create a playlist on Sporcle, you need to verify the email address you used during registration. Go to your Sporcle Settings to finish the process.

Report this User

Report this user for behavior that violates our Community Guidelines.

Details: